000 01521nam a22004337a 4500
003 CHAP
005 20220329141244.0
008 971010s1972 r 00010 d
010 _a65234
011 _a66206
035 _a74213
040 _cCHAP
090 _aTesis
100 0 0 _aMartínez Elizondo, René.
_972011
245 _aAplicaciones de las estructuras aforadoras a nivel parcelario
260 _aChapingo, Méx. :
_bEl autor,
_c1972
300 _a102 h.
_b: ilus.; mapa
500 _a/
502 _aTesis (Ing. Agr. Esp. en Irrigación) -- ENA. Departamento de Irrigación
590 _aALEPH
_b10
_c20130110
_lUCH01
_h1355
590 _aBATCH-UPD
_b10
_c20130110
_lUCH01
_h0013
590 _aBATCH-UPD
_b10
_c20130110
_lUCH01
_h1131
590 _aBATCH-UPD
_b10
_c20130409
_lUCH01
_h1950
590 _aBATCH-UPD
_b10
_c20130410
_lUCH01
_h0720
590 _aBATCH-UPD
_b10
_c20130914
_lUCH01
_h1050
590 _aCONVERSION
_b10
_c20130109
_lUCH01
_h1336
650 1 4 _aCorrientes de agua
_xMedición.
_928261
650 1 4 _aDistrito de Riego Atlacomulco, Méx.
_932844
650 1 4 _aPlan de Mejoramiento Parcelario.
_988661
650 1 4 _aVertedores.
_9118966
901 _aBK
942 _cFOLL
949 _bBC
_cTES
_d-146451
_eTS1
_i74213
_si
949 _bBC
_cTES
_d-146452
_eTS2
_fc.2
_i74213
_si
949 _bI
_cTES
_d-62318
_eTS2
_fc.2
_h342
_i74213
_si
949 _bI
_cTES
_d-62319
_eTS2
_fc.3
_h343
_i74213
_si
949 _bI
_cTES
_d-62321
_eTS2
_fc.4
_h344
_i74213
_si
949 _bI
_cTES
_d-7069
_eTS1
_h341
_i74213
_si
999 _c65234
_d65234